000 00524nam a22001697a 4500
005 20231031132324.0
008 231031b |||||||| |||| 00| 0 eng d
020 _a0702111198
041 _aEnglish
082 _a346.6 WAT
100 _aWaters, DF
_lEnglish
245 _aInsolvency and Liquidation :
_bA Creditor's Handbook /
_cDF Waters
260 _aCape Town :
_bJuta and Company Limited,
_c1977
300 _bvii, 53 pages ;
_c22 cm.
650 _alegal practice
_bLaw
942 _cBK
_6ALISON_BN_VRIES
999 _c193
_d193